Commodities trade division World statistical compendium for raw hides and skins leather and leather footwear, 1982 - 2000

Spremljeno u:
Bibliografski detalji
Glavni autor: FAO
Format: Knjiga
Jezik:Undetermined
Izdano: Rome FAO 2001
Teme:
Oznake: Dodaj oznaku
Bez oznaka, Budi prvi tko označuje ovaj zapis!
Thư viện lưu trữ: Trung tâm Học liệu Trường Đại học Cần Thơ
LEADER 00561nam a2200193Ia 4500
001 CTU_44178
008 210402s9999 xx 000 0 und d
082 |a 675 
082 |b C374/2000 
100 |a FAO 
245 0 |a Commodities trade division 
245 0 |b World statistical compendium for raw hides and skins leather and leather footwear, 1982 - 2000 
245 0 |c FAO 
260 |a Rome 
260 |b FAO 
260 |c 2001 
650 |a leather 
904 |i Nguyễn Quang Điền, 010911 
980 |a Trung tâm Học liệu Trường Đại học Cần Thơ